000 00648nam a2200205 u 4500
005 20250212094733.0
008 190403s2011 r 000 0 eng d
020 _a9788570419231
035 _aUPN01000230047
049 _aCG
050 4 _aLA556
_bC6.6
245 0 0 _aConhecimiento e inclusáo social :
_b40 años de pesquisa em educacáo /
_c[dir.] Eliane Marta Teixeira Lopes.
260 _aBrasil :
_bUFMG,
_cc2011.
300 _a258 p.
650 4 _aEducación
_xInvestigación
_zBrasil
_927714
650 4 _aIGUALDAD -
_xASPECTOS SOCIALES
_927414
700 1 _aTeixeira Lopes, Eliane Marta,
_edir.
905 _aLibro
999 _c202142
_d202142